000 01048cam a2200325 a 4500
001 16617349
003 0
005 20170323154443.0
008 110120s2011 msua b 001 0 eng
010 _a 2011001437
020 _a9781617031069 (cloth : alk. paper)
020 _a1617031062 (cloth : alk. paper)
020 _z9781617031076 (ebook)
020 _z1617031070 (ebook)
035 _a(OCoLC)ocn701672460
040 _cSPU
043 _an-us-la
_as-ag---
_acc-----
050 0 0 _aGR111
_b.F73C74 2011
245 0 0 _aCreolization as cultural creativity /
_cedited by Robert Baron and Ana C. Cara.
260 _aJackson :
_bUniversity Press of Mississippi,
_cc2011.
300 _axi, 354 p. :
_bill. ;
_c24 cm.
504 _aIncludes bibliographical references and index.
650 0 _aCreoles
_zLouisiana
_xFolklore.
650 0 _aCreoles
_zCaribbean Region
_xFolklore.
650 0 _aCreoles
_zArgentina
_xFolklore.
650 0 _aFolklore
_xPerformance.
700 1 _aBaron, Robert A.
700 1 _aCara, Ana C.
942 _2lcc
_cBK
999 _c49617
_d49617